[Event "95th Caplin Hastings Congress"]
[Site "Hastings"]
[Date "2019.12.31"]
[Round "4.7"]
[White "Grieve, Harry"]
[Black "Kantor, Gergely"]
[Result "1/2-1/2"]
[WhiteElo "2299"]
[BlackElo "2541"]
[Annotator "TA"]
[PlyCount "122"]
[EventDate "2019.12.28"]
[EventType "swiss"]
[EventCountry "ENG"]
[SourceTitle "playchess.com"]
[Source "ChessBase"]
[SourceQuality "1"]

{[%evp 10,122,41,44,37,18,33,5,4,12,19,25,30,26,26,23,14,-2,-3,-29,17,-16,-15,0,0,0,0,-11,0,0,22,24,60,-210,-209,-199,-183,-368,-308,-547,-542,-568,-118,-118,-121,-121,-123,-135,45,46,51,43,52,45,49,40,54,0,0,0,11,11,11,11,11,11,12,0,20,20,20,20,20,20,20,20,20,20,171,168,166,164,173,0,0,0,0,0,0,0,0,0,0,0,0,0,0,0,0,0,0,0,0,0,0,0,0,0,0,-8,0,0,0,0,0]} 1. e4 e5 2. Nf3 Nc6 3. Bc4 Nf6 4. d3 h6 5. O-O d6 6. c3 g5 {C55: Two Knights: 4 d3, 4 d4 exd4 5 e5 and Max Lange Attack} 7. a4 Bg7 8. Na3 O-O 9. Nc2 Ne7 10. a5 $146 ({Predecessor:} 10. Re1 c6 11. Ba2 Ng6 12. Ne3 Qc7 13. Nd2 Be6 14. Ndf1 {1-0 (38) Movsesian,S (2635)-Dhulipalla,B (2268) Pardubice 2018}) 10... c6 11. Bb3 Ng6 12. Re1 Re8 13. a6 b5 14. d4 Qb6 15. dxe5 dxe5 16. Be3 Qc7 17. Nb4 Bg4 18. h3 Rad8 19. Qe2 Bh5 20. Bxa7 Bxf3 21. gxf3 $4 {[%mdl 8192] [#]} (21. Qe3 $1 $14 Bxe4 22. Bb6) 21... Nf4 $1 $19 {[%cal Rf4e2]} 22. Qf1 {Black must now prevent Be3.} (22. Qe3 $2 Qc8 $19) 22... c5 $36 {[%mdl 2048] Black is on the roll.} (22... Qxa7 23. Nxc6 Qb6 24. Nxd8 $15) 23. Qxb5 $2 (23. Bxc5 Qxc5 24. Red1) 23... Qxa7 (23... cxb4 24. Bb6 $17) 24. Nc6 $2 (24. Nd5 {keeps fighting.} N6xd5 25. Bxd5) 24... Qd7 25. Bxf7+ Kxf7 $2 (25... Qxf7 $19 {has better winning chances.} 26. Nxd8 Nxh3+ 27. Kg2 Nf4+ 28. Kg1 Qh5) 26. Nxd8+ $17 Rxd8 27. Qxd7+ Nxd7 28. Red1 Ke7 $2 {[#]} (28... Nxh3+ 29. Kh2 $14) (28... Ke8 $17 29. Rxd7 Ne2+ 30. Kf1 Kxd7) 29. Rxd7+ $1 $14 {[%mdl 512]} Rxd7 (29... Kxd7 $2 {loses.} 30. Rd1+ Kc7 31. Rxd8 $18) 30. a7 Rd8 {And now ...Ra8 would win.} 31. a8=Q Rxa8 32. Rxa8 Nxh3+ 33. Kg2 ({Better is} 33. Kh2 $14 Nf4 34. Ra7+ Kf6 35. b4 cxb4 36. cxb4) 33... Nf4+ $11 34. Kg3 h5 35. b4 cxb4 36. cxb4 {Strongly threatening b5.} Ne2+ 37. Kg2 {Ra7+ is the strong threat.} Nd4 38. Rb8 {aiming for b5.} Kd6 39. Rb6+ Kc7 $1 {[%cal Rc7b6]} 40. Rg6 $1 {[%csl LRg5,LRg7][%mdl 64] Double Attack} Bf8 $1 41. Rxg5 {[%mdl 64] Double Attack} Bd6 $1 42. Rxh5 Kc6 43. f4 exf4 $2 {[#]} (43... Ne2 $11 44. b5+ (44. fxe5 Nf4+ {[%mdl 64] Double Attack} 45. Kf3 Nxh5 $14) 44... Kc5) 44. Rd5 $1 $18 {[%cal Rd5d4]} Nb5 45. Kf3 Nc7 46. Rxd6+ $2 ({White should try} 46. Rd3 $18) 46... Kxd6 $11 {The position is equal.} 47. Kxf4 $18 {[%mdl 4096] Endgame KN-K3P} Kc6 48. Ke5 Na6 49. b5+ Kxb5 $11 {KN-KPP} 50. Kd5 Kb6 51. e5 Kc7 52. Ke6 Nc5+ 53. Kf7 Kd7 54. f4 Ne6 55. f5 Nd8+ 56. Kf8 Ne6+ 57. Kf7 Nd8+ 58. Kf8 Ne6+ 59. Kg8 Ke7 60. fxe6 Kxe6 61. Kh8 Kxe5 {Accuracy: White = 57%, Black = 57%.} 1/2-1/2

[Event "95th Caplin Hastings Congress"]
[Site "Hastings"]
[Date "2019.12.31"]
[Round "4.8"]
[White "Stany, G.A."]
[Black "Lyell, Mark"]
[Result "1-0"]
[WhiteElo "2526"]
[BlackElo "2265"]
[Annotator "TA"]
[PlyCount "73"]
[EventDate "2019.12.28"]
[EventType "swiss"]
[EventCountry "ENG"]
[SourceTitle "playchess.com"]
[Source "ChessBase"]
[SourceQuality "1"]

{[%evp 10,73,24,35,29,0,1,0,34,28,40,41,48,47,50,47,58,45,35,12,25,13,49,39,44,48,68,67,86,88,163,82,135,131,133,57,112,90,107,96,90,102,122,114,135,136,139,162,148,144,191,192,247,243,529,523,528,533,1504,564,1102,1102,1050,1028,29989,12841]} 1. e4 c6 2. Nc3 d5 3. Nf3 dxe4 4. Nxe4 Nf6 5. Qe2 Nxe4 6. Qxe4 Qd5 {B11: Caro-Kann: Two Knights Variation} (6... Qa5 7. Qh4 Nd7 8. Bc4 Ne5 9. Be2 Nxf3+ 10. Bxf3 Bf5 11. O-O Bxc2 12. d4 e6 13. Qg3 Bg6 14. h4 {1-0 (48) Wei,Y (2721)-Vachier Lagrave,M (2774) chess.com INT 2019}) 7. Qh4 Qe6+ 8. Be2 Qg4 {The position is equal.} 9. Qg3 Qxg3 10. hxg3 Bf5 11. b3 h6 $146 ({Predecessor:} 11... Nd7 12. Bb2 e6 13. O-O-O {1-0 (65) Howell,D (2657)-Svane,R (2560) chess.com INT 2017}) 12. Bb2 Nd7 13. O-O-O e6 14. Nh4 Bh7 $1 15. g4 Rg8 16. f4 Bd6 17. Rdf1 O-O-O 18. g5 Nc5 19. d3 Rd7 (19... Rde8 $16 {was necessary.}) 20. Kb1 (20. g4 $1 $18) 20... b6 ({Better is} 20... Na6) 21. gxh6 gxh6 22. Rh3 (22. g4 $16) 22... Bc7 (22... Na6 $14) 23. Rf2 Kb7 24. Be5 Bxe5 25. fxe5 Re7 26. Rf6 Rg5 27. Rxh6 Rxe5 28. Rxh7 {Hoping for Ng6!} Rxe2 {[#]} 29. Rf3 $1 a5 30. g4 Ka6 (30... Kc8 $142 31. Ng6 (31. Rhxf7 Rxf7 32. Rxf7 Re1+ 33. Kb2 Re2 $16) (31. Rfxf7 Rxf7 32. Rxf7 Re1+ 33. Kb2 Re2 $16) 31... Rd7) 31. g5 $18 ({Resist} 31. Rhxf7 $6 Re1+ 32. Kb2 Rxf7) ({But not} 31. Rfxf7 $6 Rxf7 32. Rxf7 Re1+ 33. Kb2 Re2) 31... a4 $2 (31... Rd7 {might work better.} 32. Rhxf7 (32. Rfxf7 Nxd3 33. cxd3 Rxd3 $16) 32... Rd5) 32. g6 a3 {[%cal Re2e1]} 33. Rf1 {g7 is the strong threat.} Rd7 {Black wants to play ...fxg6.} 34. gxf7 (34. g7 $142) 34... Ne4 {Strongly threatening ...Nd2+.} 35. f8=Q {[%mdl 64] Discovered Attack} Nc3+ 36. Ka1 c5 37. Rxd7 {Accuracy: White = 63%, Black = 23%.} (37. Qc8+ $142 Ka5 38. Rxd7 Kb5 39. Rd6 {[%mdl 64] Discovered Attack} Kb4 40. Rxb6+ Nb5 {[#]} 41. c3+ $1 {[%mdl 576] Deflection, Decoy} Kxc3 42. Qxc5+ {[%mdl 64] Double Attack} Kxd3 43. Qc4+ {[%mdl 64] Double Attack} Ke3 44. Rxe6+ Kd2 45. Rxe2#) 1-0

[Event "95th Caplin Hastings Congress"]
[Site "Hastings"]
[Date "2019.12.31"]
[Round "4.9"]
[White "Yao, Lan"]
[Black "Gormally, Daniel W"]
[Result "1/2-1/2"]
[WhiteElo "2281"]
[BlackElo "2497"]
[Annotator "TA"]
[PlyCount "149"]
[EventDate "2019.12.28"]
[EventType "swiss"]
[EventCountry "ENG"]
[SourceTitle "playchess.com"]
[Source "ChessBase"]
[SourceQuality "1"]

{[%evp 19,149,0,0,-10,0,0,0,-22,26,13,25,5,29,10,31,8,6,-123,-113,-118,18,13,20,29,19,20,47,29,38,28,30,0,0,0,0,0,0,0,0,0,0,0,8,8,2,0,0,-8,-8,-23,-14,-46,-46,-188,-186,-213,-214,-233,-220,-264,-242,-241,-226,-301,-233,-230,-233,-226,-227,-219,-220,-217,-206,-219,-206,-284,-277,-269,-269,-277,-269,-269,-269,-269,-269,-399,-399,-397,-390,-385,-380,-341,-231,-225,-77,-202,-187,-187,-187,-188,-125,-125,-104,-125,-104,-99,-100,-100,-45,-191,-181,-177,-177,-152,-129,-182,-80,-80,-80,-87,-80,-80,0,-80,0,0,0,0,0,0,0,0]} 1. e4 c5 2. Nf3 d6 3. d4 cxd4 4. Nxd4 Nf6 5. Nc3 a6 6. Bg5 e6 7. f4 Be7 8. Qf3 Qc7 9. O-O-O Nbd7 10. Qg3 b5 {Hoping for ...b4.} 11. a3 {B99: Sicilian Najdorf: 6 Bg5 e6 7 f4 Be7 8 Qf3 Qc7 9 0-0-0 Nbd7} Rb8 12. Be2 {next e5! is good for White.} b4 (12... h6 13. Bh4 b4 14. axb4 Rxb4 15. f5 e5 16. Ne6 fxe6 17. Qg6+ Kd8 18. fxe6 {½-½ (28) Staroske,U (2388)-Ljubicic,A (2505) ICCF email 2011}) 13. axb4 {e5! is the strong threat.} Rxb4 (13... h6 $5 {[%cal Rh6g5]} 14. Bxf6 Bxf6 $16) 14. e5 $1 {[%cal Re5f6]} dxe5 15. fxe5 Nxe5 $146 (15... Qxe5 $5 {[%cal Rb4d4]} 16. Nc6 {[%mdl 64] Double Attack} Qxg3 17. hxg3 Rb6 18. Nxe7 Kxe7 $11) ({Predecessor:} 15... Qxe5 16. Nc6 Qxg3 17. hxg3 Rb6 18. Nxe7 Kxe7 {½-½ (41) Peled,S (2089)-Lahdenmaeki,L (1905) ICCF email 2015}) 16. Bf4 Nfd7 {[#]} 17. Nxe6 $1 {[%mdl 512]} fxe6 18. Bh5+ (18. Rxd7 $1 $11 {was the only way to keep the balance.} Bxd7 19. Bxe5) 18... g6 $17 {[#] And now ...Rxf4 would win.} 19. Rxd7 $1 {[%mdl 512]} Nd3+ (19... Kxd7 $2 20. Bxe5 Qc5 21. Rd1+ (21. Bxh8 Qg5+ 22. Kb1 Qxg3 $14) 21... Kc6 22. Bf3+ Kb6 23. Bxh8 $18) ({Black should try} 19... Qxd7 $17 20. Bxe5 Rf8) (19... Qxd7 20. Bxe5) 20. Rxd3 $11 {Threatening mate with Bxg6+!} Rxf4 21. Ne2 (21. Bxg6+ $2 hxg6 22. Qxg6+ Kf8 $19) 21... Rf7 $1 {Threatens to win with ...Qxg3.} (21... Rc4 $2 22. Bxg6+ $1 {[%mdl 512]} Kf8 23. Qf2+ Rf4 24. Nxf4 $18) 22. Bf3 ({Don't blunder} 22. Bxg6 $2 hxg6 23. Qxc7 Bg5+ 24. Qf4 Bxf4+ $19) 22... Qa5 {White must now prevent ...Qa1+.} 23. Bc6+ Kf8 24. Kb1 Kg7 25. Rhd1 Bf6 26. Nd4 e5 27. Nb3 Qb4 28. Bd5 Re7 29. Qe1 Qxe1 30. Rxe1 Bf5 $132 {[%mdl 2048] Black is not holding back} 31. Be4 Rc8 32. Rd6 Rec7 33. c3 Rb8 34. Nd2 Rxc3 35. Rxa6 Rc7 36. Ka1 (36. Rf1 $15) 36... Rb4 $19 37. Rf1 Rf7 ({Resist} 37... Bxe4 38. Nxe4 Rxe4 39. Raxf6 $15) 38. Bxf5 gxf5 39. Rxf5 e4 40. Rc5 e3 ({Much less strong is} 40... Rxb2 41. Rxf6 Rxd2 42. Rxf7+ Kxf7 43. Re5 $17) 41. Nf3 e2 42. Rc2 Re7 {aiming for ...Rf4.} 43. Rac6 e1=Q+ 44. Nxe1 Rxe1+ 45. Ka2 Ra4+ 46. Kb3 Rf4 47. R6c4 Re3+ 48. Kb4 Be7+ 49. Ka4 Rxc4+ 50. Rxc4 {[%mdl 4096] Endgame KRB-KR} Re2 $1 51. Rg4+ Kf6 52. b3 (52. Rh4 {was called for.}) 52... h5 53. Rg8 Bd6 54. Rh8 Kg6 55. h3 Re4+ 56. Kb5 Rb4+ (56... h4 $19 {is more deadly.} 57. Rd8 Rb4+ 58. Kc6 Be5) 57. Kc6 (57. Ka5 $17) 57... Be7 58. Rg8+ Kf7 59. Rg3 Rd4 (59... Rf4 $19 60. Rd3 Re4) 60. Rf3+ $17 Kg6 61. Rg3+ Kf5 62. Re3 Bg5 63. Rc3 Kg6 64. Kc5 ({White should play} 64. Rc4 $1 $15 Rd8 65. b4) 64... Rd2 $19 65. g3 Rh2 $1 {[%cal Rh2h3]} 66. g4 h4 $1 {Strongly threatening ...Bd2.} 67. b4 (67. Kd5 $17) 67... Be7+ (67... Rg2 $1 $19 {has better winning chances.} 68. b5 Rg3) 68. Kc4 $17 Bf6 69. Rb3 Kg5 70. b5 {[#]} Be5 (70... Bd8 $1 $17) 71. Rf3 {[#]} (71. b6 $11) 71... Bf4 (71... Bc7 $1 $17) 72. b6 $11 {The position is equal.} Rc2+ 73. Kb5 Rb2+ 74. Kc6 Rc2+ 75. Kb5 {Accuracy: White = 47%, Black = 65%.} 1/2-1/2

[Event "95th Caplin Hastings Congress"]
[Site "Hastings"]
[Date "2019.12.31"]
[Round "4.10"]
[White "Flear, Glenn C"]
[Black "Wall, Tim P"]
[Result "1-0"]
[WhiteElo "2440"]
[BlackElo "2218"]
[Annotator "TA"]
[PlyCount "87"]
[EventDate "2019.12.28"]
[EventType "swiss"]
[EventCountry "ENG"]
[SourceTitle "playchess.com"]
[Source "ChessBase"]
[SourceQuality "1"]

{[%evp 12,87,52,58,43,53,48,26,35,22,16,16,87,31,50,68,64,53,70,81,109,84,88,21,33,33,29,30,26,32,63,71,89,53,129,117,131,43,41,42,80,60,60,62,73,67,95,41,48,38,42,42,94,93,121,134,129,127,137,129,364,364,458,438,470,479,485,480,498,306,652,639,672,635,653,645,565,494]} 1. d4 d5 2. c4 e6 3. Nc3 c5 4. cxd5 exd5 5. dxc5 d4 6. Na4 Nc6 7. Nf3 Bxc5 {[%mdl 64] [#] Decoy. D32: Tarrasch Defence: Sidelines and lines without g3} 8. Nxc5 Qa5+ 9. Bd2 Qxc5 {White has an edge.} 10. Rc1 Qb6 (10... Qe7 11. e3 Nf6 12. Be2 O-O 13. O-O Rd8 14. Nxd4 Nxd4 15. exd4 Rxd4 {½-½ (71) Jakovenko,D (2749)-Mamedov,R (2708) Ankara 2018}) 11. e3 Qxb2 (11... Nf6 $11 {remains equal.}) 12. exd4 $146 (12. Nxd4 $16 Nf6 13. Rc2 (13. Nxc6 bxc6 14. Rc2 Qa3 $16)) ({Predecessor:} 12. Nxd4 Nxd4 13. exd4 Nf6 14. Rb1 Qxd4 15. Bb5+ {½-½ (25) Hahn,M (2045)-Dunsche,D (1825) Unna 2016}) 12... Nf6 13. Bc4 O-O 14. Bc3 Qa3 15. O-O {Hoping for d5.} Bg4 16. d5 Rad8 17. Qd2 ({White should try} 17. h3 $16 Bxf3 18. Qxf3) 17... Bxf3 $1 $11 18. gxf3 {[#] Strongly threatening Qg5!} Ne7 $1 {[%cal Rf6d5]} 19. Bb4 Qxf3 {[%cal Re7d5]} 20. Qe3 Qg4+ 21. Qg3 Qxg3+ 22. hxg3 (22. fxg3 {with more complications.} Nfxd5 23. Ba3 g6 24. Bb3 Rd7 25. Ba4) 22... Rfe8 (22... Nfxd5 $14 23. Bxd5 Nxd5 24. Bxf8 Kxf8) 23. Bb5 $16 Nexd5 24. Ba5 (24. Bxe8 $16 {And now Ba4 would win.} Rxe8 25. Bc5) 24... b6 $14 25. Bxe8 Rxe8 26. Bd2 h6 27. Rfe1 {[%mdl 1024] White has compensation.} Rd8 28. Re2 Kh7 29. Kg2 (29. Bc3 $16) 29... Kg6 30. Kf3 Rd7 31. Bc3 Nc7 (31... Nxc3 $14 32. Rxc3 h5) 32. Rd2 $16 Rxd2 33. Bxd2 {[%mdl 4096] Endgame KRB-KNN} Ne6 34. Be3 Nd5 35. Rc8 Nxe3 $2 (35... Ne7 $16 36. Rb8 Kf6) 36. Kxe3 {KR-KN} Nc5 37. Rc7 Kf6 38. Rxa7 Ke6 39. Kd4 h5 40. Kc4 Nd7 $2 (40... Ne4 41. Kb5 Nd6+ 42. Kc6 g5) 41. Kb5 $18 {White is clearly winning.} Kd6 42. Ra8 g6 43. Rh8 Kd5 44. a4 {Played: Rh8-h7} 1-0

[Event "95th Caplin Hastings Congress"]
[Site "Hastings"]
[Date "2019.12.31"]
[Round "4.11"]
[White "Willson, Ollie"]
[Black "Fishbein, Alexander"]
[Result "1/2-1/2"]
[WhiteElo "2082"]
[BlackElo "2435"]
[Annotator "TA"]
[PlyCount "101"]
[EventDate "2019.12.28"]
[EventType "swiss"]
[EventCountry "ENG"]
[SourceTitle "playchess.com"]
[Source "ChessBase"]
[SourceQuality "1"]

{[%evp 16,101,35,28,45,14,41,-5,14,-6,-16,0,16,14,64,61,67,67,73,62,121,107,117,116,103,113,183,176,174,173,218,209,222,206,229,231,232,225,228,231,229,223,265,265,258,275,267,270,251,265,245,160,160,154,153,150,145,152,155,146,149,147,225,146,156,119,118,0,133,118,118,0,0,0,0,0,0,0,0,0,0,0,0,0,0,0,0,0]} 1. d4 Nf6 2. Nf3 g6 3. Nbd2 Bg7 4. e4 d6 5. Bd3 O-O 6. O-O Nbd7 7. Re1 e5 8. c3 b6 9. a4 a6 {B07: Pirc Defence: Miscellaneous Systems} 10. Qc2 (10. Nf1 Bb7 11. Ng3 Re8 12. Bd2 d5 13. exd5 exd4 14. Rxe8+ Qxe8 15. Nxd4 Ne5 16. Be2 Bxd5 17. Bf4 {½-½ (40) Hansen,S (2590)-Chatalbashev,B (2521) Svendborg 2019}) 10... Bb7 11. Nf1 $146 ({Predecessor:} 11. dxe5 dxe5 12. b4 c5 13. b5 Qc7 14. Rb1 Ne8 15. Nc4 axb5 16. axb5 Nd6 17. Bg5 {½-½ (41) Borgo,G (2390)-Barlov,D (2455) Cutro 1997}) 11... Re8 12. Ng3 exd4 13. cxd4 c5 {With the idea ...cxd4.} 14. d5 $1 c4 15. Qxc4 Nc5 16. Bc2 Rc8 17. Qa2 b5 (17... a5 $14) 18. axb5 $16 axb5 19. Bd2 Ra8 20. Qb1 Qb6 {[#]} (20... Rxa1 $16 21. Qxa1 Ng4) 21. Rxa8 $1 $18 Rxa8 22. b4 Na4 23. Be3 Qc7 24. Bd4 Ng4 25. Bxg7 Kxg7 26. h3 Ne5 27. Nxe5 dxe5 {[#]} 28. Bd3 $1 Rc8 29. Bxb5 Nc3 30. Qd3 Qd6 31. Rc1 Qxb4 32. Bc6 Bxc6 33. Qxc3 Qxc3 34. Rxc3 {[%mdl 64] Pin} Bd7 35. Rxc8 Bxc8 $16 {[%mdl 4096] Endgame KB-KN} 36. f3 f5 37. Kf2 Kf6 38. Nf1 f4 (38... Ba6 $16 39. Nd2 f4) 39. Nd2 g5 40. Nc4 {Nb6 is the strong threat.} Ba6 41. Nd2 ({White should try} 41. Nd6 $16) 41... Ke7 (41... Bc8 $1 $11) 42. Nf1 Bb5 43. Nh2 (43. g3 $16) 43... h5 $11 {The position is equal.} 44. Nf1 Kd6 45. Nd2 Kc5 $1 46. g3 Ba4 47. h4 gxh4 48. gxh4 Kb4 49. Nf1 Bb5 50. Nh2 {aiming for Ng4!} Kc5 51. Nf1 {Accuracy: White = 66%, Black = 59%.} 1/2-1/2

[Event "95th Caplin Hastings Congress"]
[Site "Hastings"]
[Date "2019.12.31"]
[Round "4.12"]
[White "Pekin, Tolgay"]
[Black "Merry, Alan B"]
[Result "0-1"]
[WhiteElo "2080"]
[BlackElo "2420"]
[Annotator "TA"]
[PlyCount "85"]
[EventDate "2019.12.28"]
[EventType "swiss"]
[EventCountry "ENG"]
[SourceTitle "playchess.com"]
[Source "ChessBase"]
[SourceQuality "1"]

{[%evp 12,85,11,5,15,11,16,9,25,0,20,22,38,39,34,0,0,-7,0,0,0,-12,-1,-13,21,-11,-13,-9,-12,-4,0,0,0,-10,-7,-14,0,-16,-24,-28,-28,-50,-50,-70,-47,-66,-18,-87,-53,-56,-16,-17,-17,-17,-16,-50,-18,-16,-19,-14,-28,-33,-21,-160,-152,-356,-354,-358,-364,-596,-601,-816,-768,-1192,-1158,-29988]} 1. e4 e6 2. d4 d5 3. Nd2 c5 4. exd5 Qxd5 5. dxc5 Bxc5 6. Ngf3 Nf6 7. Bc4 Qc6 {C07: French Tarrasch: 3...c5, 4 Ngf3 and 4 exd5 Qxd5} 8. Qe2 {[#] Black must now prevent Bb5.} a6 9. Nb3 Be7 {The position is equal.} 10. O-O b5 11. Bd3 O-O 12. Bf4 Nbd7 $146 ({Predecessor:} 12... Qb6 13. a4 Nd5 14. Bg3 b4 15. a5 {1-0 (34) Adams,M (2745)-Gupta,A (2626) Douglas 2016}) 13. c3 Qb6 14. Ne5 Nxe5 15. Bxe5 Bb7 16. Rad1 Rfd8 17. Bd4 Qc6 {[%csl Gb7][%cal Rc6g2]} 18. f3 Qc7 19. Qf2 Nd5 20. Rfe1 Rac8 21. Be5 Bd6 22. Bxd6 Rxd6 23. Be4 Rcd8 24. Nc5 Ba8 25. Bxd5 Bxd5 26. b3 a5 27. a3 h6 28. b4 Ra8 (28... Bc4 $5 {[%cal Rd6d1]} 29. Rxd6 Rxd6 $15) 29. f4 (29. Qe3 $11) 29... Rdd8 30. Rd2 Qc6 31. Red1 axb4 32. axb4 Ra3 33. Qg3 Rda8 34. f5 Ra1 35. fxe6 $1 fxe6 {Hoping for ...R8a2.} 36. Qe1 $1 Rxd1 37. Qxd1 (37. Rxd1 $11 {was the only way to keep the balance.} Ra2 38. Rd2) 37... Ra3 $17 38. Rd3 $2 {[#]} (38. Rb2 $17 {only move.}) 38... Qa8 $1 $19 39. Kf2 Ra1 40. Qg4 $2 (40. Qe2 {keeps fighting.} Bc4 41. Qg4) 40... Ra2+ {Black is clearly winning.} 41. Ke3 Rxg2 {[%mdl 64] Double Attack} 42. Qh4 Qa2 {( -> ...Re2+)} 43. Kd4 {Accuracy: White = 50%, Black = 57%.} 0-1

[Event "95th Caplin Hastings Congress"]
[Site "Hastings"]
[Date "2019.12.31"]
[Round "4.13"]
[White "Pavlov, Mikhail"]
[Black "Lalic, Bogdan"]
[Result "1/2-1/2"]
[WhiteElo "1955"]
[BlackElo "2414"]
[Annotator "ChessBase"]
[PlyCount "28"]
[EventDate "2019.12.28"]
[EventType "swiss"]
[EventCountry "ENG"]
[SourceTitle "playchess.com"]
[Source "ChessBase"]
[SourceQuality "1"]
[TimeControl "40/6600+30:3000+30"]

1. e4 {[%emt 0:09:33]} c5 {[%emt 0:09:54]} 2. a3 {[%emt 0:00:06]} g6 {[%emt 0:00:28]} 3. b4 {[%emt 0:00:07]} Bg7 {[%emt 0:00:09]} 4. Nc3 {[%emt 0:00:05]} d6 {[%emt 0:00:33]} 5. bxc5 {[%emt 0:07:37]} dxc5 {[%emt 0:00:16]} 6. Bc4 {[%emt 0:00:10]} Nc6 {[%emt 0:00:24]} 7. Nge2 {[%emt 0:00:47]} Nf6 {[%emt 0:00:30]} 8. Rb1 {[%emt 0:00:49]} O-O {[%emt 0:00:34]} 9. O-O {[%emt 0:00:24]} Na5 {[%emt 0:00:59]} 10. Ba2 {[%emt 0:05:49]} c4 {[%emt 0:00:09]} 11. d3 {[%emt 0:00:23]} cxd3 {[%emt 0:00:08]} 12. cxd3 {[%emt 0:00:28]} b6 {[%emt 0:00:29]} 13. d4 {[%emt 0:05:00]} Ba6 {[%emt 0:00:49]} 14. f3 {[%emt 0:05:19]} Rc8 {[%emt 0:00:34]} 1/2-1/2

[Event "95th Caplin Hastings Congress"]
[Site "Hastings"]
[Date "2019.12.31"]
[Round "4.14"]
[White "Fryer, David W"]
[Black "Wadsworth, Matthew J"]
[Result "0-1"]
[WhiteElo "1913"]
[BlackElo "2401"]
[Annotator "TA"]
[PlyCount "74"]
[EventDate "2019.12.28"]
[EventType "swiss"]
[EventCountry "ENG"]
[SourceTitle "playchess.com"]
[Source "ChessBase"]
[SourceQuality "1"]

{[%evp 22,74,-45,-59,-50,-56,-58,-150,-154,-149,-164,-165,-165,-185,-183,-189,-182,-183,-183,-181,-147,-214,-213,-214,-213,-231,-229,-228,-223,-241,-253,-250,-252,-258,-264,-279,-264,-289,-258,-317,-317,-390,-388,-350,-380,-377,-332,-323,-328,-341,-340,-423,-454,-456,-451]} 1. e4 e6 2. d3 d5 3. Nd2 c5 4. Ngf3 Nf6 5. g3 Nc6 6. Bg2 Be7 7. O-O b6 8. Re1 ({Predecessor:} 8. c3 Bb7 9. Re1 Qc7 10. e5 {0-1 (68) Brunetti,F-Lemos,D (2218) Escobar 2004}) 8... Bb7 9. e5 Nd7 10. c3 Qc7 11. d4 cxd4 12. cxd4 Nb4 $1 {C00: French: Unusual White 2nd moves} 13. Re3 Qc2 14. Qe1 $146 (14. Re1 $1 $15) (14. Re1) 14... Qg6 $17 {Hoping for ...Nc2.Black is clearly better.} 15. Rc3 Nc2 16. Rxc2 Qxc2 17. Nf1 Ba6 18. Ne3 Qe2 $1 19. Qc3 Rc8 20. Qb3 Bc4 21. Qa4 {[#]} (21. Qc3 $17) 21... a5 $1 $19 {[%cal Ba7a5,Ba5a4][%mdl 32]} 22. Bd2 Bb5 23. Qb3 {[#] and if Bf1 works, White does fine.} a4 $1 {[%cal Ra4b3]} 24. Qd1 O-O 25. Bf1 Qxd1 26. Rxd1 Bxf1 27. Kxf1 b5 28. h4 h6 29. Kg2 Rc6 30. g4 Nb6 31. b3 axb3 32. axb3 Ra8 33. h5 Ra3 34. Rb1 Ra2 35. Kg3 Bg5 {[%mdl 64] Overworked Piece} 36. Nxg5 {With the idea Nf3.} Rxd2 ({Weaker is} 36... hxg5 37. Bb4 $19) 37. Nf3 Ra2 {Accuracy: White = 30%, Black = 94%.} 0-1

[Event "95th Caplin Hastings Congress"]
[Site "Hastings"]
[Date "2019.12.31"]
[Round "4.15"]
[White "Willow, Jonah B"]
[Black "Chapman, Matt"]
[Result "1-0"]
[WhiteElo "2355"]
[BlackElo "1937"]
[Annotator "RC"]
[PlyCount "71"]
[EventDate "2019.12.28"]
[EventType "swiss"]
[EventCountry "ENG"]
[SourceTitle "playchess.com"]
[Source "ChessBase"]
[SourceQuality "1"]
[TimeControl "40/6600+30:3000+30"]

1. e4 {[%emt 0:09:31]} e5 {[%emt 0:09:51]} 2. Nf3 {[%emt 0:00:12]} Nc6 {[%emt 0:00:07]} 3. Nc3 {[%emt 0:00:09]} Nf6 {[%emt 0:00:08]} 4. Bb5 {[%emt 0:00:04]} Bc5 {[%emt 0:00:45]} 5. Nxe5 {[%emt 0:01:02]} Nxe5 {[%emt 0:00:10]} 6. d4 {[%emt 0:00:02]} a6 {[%emt 0:02:36]} 7. dxe5 {[%emt 0:00:21]} axb5 {[%emt 0:00:12]} 8. exf6 {[%emt 0:00:05]} Qxf6 {[%emt 0:00:09]} 9. O-O {[%emt 0:00:03]} c6 {[%emt 0:01:25]} 10. Be3 {[%emt 0:00:12]} Be7 {[%emt 0:23:17]} 11. Bd4 {[%emt 0:04:17]} Qg6 {[%emt 0:02:32]} 12. f4 {[%emt 0:00:54]} d6 {[%emt 0:04:39]} 13. f5 {[%emt 0:01:06]} Qh6 {[%emt 0:13:04]} 14. Rf3 {[%emt 0:01:52]} b4 {[%emt 0:12:39]} 15. Ne2 {[%emt 0:06:26]} c5 {[%emt 0:04:43]} 16. Rh3 {[%emt 0:01:39]} Bh4 {[%emt 0:00:48]} 17. Be3 {[%emt 0:02:11]} Qf6 {[%emt 0:00:46]} 18. Nf4 {[%emt 0:00:37]} Bg5 {[%emt 0:02:19]} 19. Nd5 {[%emt 0:00:48]} Bxe3+ {[%emt 0:00:10]} 20. Rxe3 {[%emt 0:00:05]} Qd4 {[%emt 0:01:53]} 21. Qxd4 {[%emt 0:00:58]} cxd4 {[%emt 0:00:05]} 22. Rb3 {[%emt 0:00:47]} Ra5 {[%emt 0:00:59]} 23. Rxb4 {[%emt 0:01:18]} Rc5 {[%emt 0:04:17]} 24. Rc1 {[%emt 0:03:37]} d3 {[%emt 0:02:08]} 25. c3 {[%emt 0:00:17]} g6 {[%emt 0:00:16]} 26. fxg6 {[%emt 0:01:09]} hxg6 {[%emt 0:00:14]} 27. Rd1 {[%emt 0:00:10]} f5 {[%emt 0:05:35]} 28. Rxd3 {[%emt 0:00:56]} b5 {[%emt 0:09:23]} 29. exf5 {[%emt 0:06:05]} Bxf5 {[%emt 0:00:52]} 30. Re3+ {[%emt 0:00:04]} Kd7 {[%emt 0:01:51]} 31. Rd4 {[%emt 0:00:39]} Rf8 {[%emt 0:04:15]} 32. Re7+ {[%emt 0:00:31]} Kd8 {[%emt 0:00:04]} 33. Ra7 {[%emt 0:01:07]} Be6 {[%emt 0:02:07]} 34. Nb4 {[%emt 0:01:42]} Bc4 {[%emt 0:02:56]} 35. Rxd6+ {[%emt 0:00:25]} Ke8 {[%emt 0:00:45]} 36. h3 {[%emt 0:00:20]} 1-0